000 00656nam a2200241Ia 4500
005 20260430150355.0
008 008 250103s9999 xx 000 0 eng d
037 _aTheses
040 _aCRL
040 _beng
040 _ceng
041 _2eng
041 _aeng
084 _qCRL
100 _aJain Neetu Au.; Pushkarna Narinder Gu.
_91237302
245 0 _aSome Contributions to Moments of Order Statistics and Their Inferential Aspects
260 _c2023
300 _a207p.
650 _aStatistics
700 _aUniversity of Delhi. Faculty of Mathematical Sciences. Deptt. of Statistics
942 _cTH
999 _c1849632
_d1849632